1935 1604 1472 1153 1993 1659 1238 1275 1983 1875 1263 1719 1802 1420 1727 1407 1983 1319 1217 1904 1247 1110 1675 1067 1817 1909 1367 1279 1250 1695 1791 1639 1112 1226 1430 1540 1693 1163 1036 1024 1172 1933 1561 1708 1912 1789 1505 1474 1385 1947 1832 1493 1136 1893 1887 1025 1850 1599 1170 1221 1710 1784 1438 1832 1960 1639 1264 1315 1788 1574 1124 1734 1557 1384 1639 1810 1617 1563 1853 1879 1172 1603 1649 1838 1126 1112 1010 1224 1179 1295 1215 1167 1699 1887 1124 1363 1281 1734 1884 BCNSPRNW ULIB Ver.6.0+V

เปลี่ยนเป็นภาษาไทย

Change to English
 แสดงรายละเอียดบรรณานุกรม
  กลับหน้าหลัก

Brief Record : Get Marc (ISO 2709) : E-mail record : QR code < ปิดหน้าต่าง
LEADER : 00000nam 2200000uu 4500
001    13399115311
003     ULIB
008    120810s2553||||th 000 0 tha d
020    9789741343546
090    ^aนว.^bร147ส
100 0  ^aร่มแก้ว
245 00 ^a365 วันแห่งรัก /^cร่มแก้ว
260    ^aกรุงเทพฯ:^cพิมพ์คำ,^c2553
300    ^a318 หน้า
945    ^p180^l0^i032312
995    ^aเกษร
999 ^a วิภา
รายการนี้ยังไม่มีแท็ก
คุณยังไม่ได้ล็อกอิน คุณสามารถมีกิจกรรมร่วมกับเว็บไซต์ได้ แต่ต้องล็อกอินก่อน ::
  ล็อกอิน

รายการสื่อสารสนเทศ

ลำดับที่ ประเภท เลขเรียก/บาร์โค้ด สถานที่ สถานะ
- ไม่พบข้อมูล -

รายการใกล้เคียง
    ผู้แต่ง [ร่มแก้ว]

BibComment


ยังไม่เคยถูกคอมเมนท์

คอมเมนท์ทรัพยากรรายการนี้
  คอมเมนท์: 365 วันแห่งรัก ..


 Copyright 2026. Bcnsprnw @Library